000 01641cam a22004694i 4500
003 PE-LiUPU
005 20250731173535.0
008 150616s r 000 0 d
020 _a0805416277
035 _a(Sirsi) i9780805416275
040 _aPE-LiUPU
_bspa
_cPE-LiUPU
_erda
049 _aPRUA
082 0 4 _a261.8362
_bE35
_221
100 1 _aLand, Richard D.,
_eautor.
245 1 4 _aThe Earth is the Lord's.
264 1 _aNashville, Tennessee :
_bBroadman Press,
_c1992.
300 _a207 páginas ;
_c22 centímetros
336 _atext
_2rdacontent
337 _aunmediated
_2rdamedia
338 _avolume
_2rdacarrier
504 _aBibliografía al final de cada capítulo.
505 0 _aOverview: Beliefs and Behaviors.- The theological imperative.- The ethical application.- The homiletic challenge.- The practical application.
526 _aSEG42
526 _aSEG41
526 _aSEG40
526 _aSEG39
526 _aP94
526 _aP87
526 _aP86
526 _aP85
526 _aP77
526 _aP76
526 _aP35
650 0 4 _aECOLOGIA HUMANA - ASPECTOS RELIGIOSOS - CRISTIANISMO - CONGRESOS.
910 _ajck
_bjvq
_cjck
942 _2ddc
_cBOOK
949 _a261.8362 E35
_wDEWEY
_c1
_i42393
_lCCODEBUL1
_mBUL
_r0
_sY
_tBOOK
_u2015-6-16
_xTEOLOGIA
_zUNKNOWN
_0COMPRA
_o.STAFF. Colección General
994 _aC0
_bPEPRU
596 _a1
999 _a261.8362 E35
_wDEWEY
_c60229
_i42393
_f2021-11-10
_g5
_lCCODEBUL1
_mBUL
_r0
_sY
_tBOOK
_u2015-6-16
_xTEOLOGIA
_zUNKNOWN
_0COMPRA
_o.STAFF. Colección General
_d60229
980 _81
_gALBERTO SANCHEZ Responsable de Automatización